| 000 | 00783nam a22002535a 4500 | ||
|---|---|---|---|
| 005 | 20160323150057.0 | ||
| 008 | 160323r20092008ii a fr 001 0 eng d | ||
| 020 | _a9788188449601 | ||
| 040 |
_aEG-ScBUE _beng _cEG-ScBUE |
||
| 082 | 0 | 4 |
_a615.18 _bJAI _222 |
| 100 | 1 |
_aJain, U. K. _939660 |
|
| 245 | 1 | 0 |
_aPharmaceutical packaging technology / _cU. K. Jain, D. C. Goupale, S. Nayak. |
| 250 | _a1st rep. ed. | ||
| 260 |
_aHyderabad : _bPharmaMed Press, _c2009. |
||
| 300 |
_axii, 280 p. : _bill. ; _c24 cm. |
||
| 500 | _aIndex : p. [273]-280. | ||
| 650 | 7 |
_aDrugs _xPackaging. _2BUEsh _939139 |
|
| 650 | 7 |
_aPharmaceutical technology. _2BUEsh _939664 |
|
| 651 | _2BUEsh | ||
| 653 |
_bPPhrm _cMarch2016 |
||
| 700 | 1 |
_aGoupale, D. C. _939661 |
|
| 700 | 1 |
_aNayak, S. _939662 |
|
| 942 | _2ddc | ||
| 999 |
_c21499 _d21471 |
||